Statistics for Densest Countries Bordering Each Other

Click here to take the quiz!

General Stats

  • This quiz has been taken 56,944 times
    (16,378 since last reset)
  • The average score is 21 of 28

Answer Stats

Country% Correct
India
97%
China
96%
Bangladesh
94%
Pakistan
94%
France
93%
Germany
92%
Italy
90%
Belgium
89%
Netherlands
89%
Luxembourg
88%
Nepal
88%
Monaco
86%
Vatican City
86%
San Marino
85%
Switzerland
76%
Liechtenstein
74%
North Korea
70%
South Korea
70%
Israel
60%
Dominican Republic
59%
Haiti
59%
Lebanon
58%
Syria
57%
Rwanda
46%
Uganda
45%
Burundi
44%
Guatemala
42%
El Salvador
41%

Score Distribution

Percentile by Number Answered

Percent of People with Each Score

Your Score History

You have not taken this quiz since the last reset